000
00169nam a22000857a 4500
003
SGT
245
_a
JOURNAL OF HYBRID COMPUTING RESEARCH
260
_c
2014
942
_2
ddc
_c
BV
999
_c
21472
_d
21472